000 00831nam a2200229 a 4500
001 000045740
005 20201002052422.0
008 150508s2014 dr c r 000 0 spa d
040 _aDO-SdBNP
_bspa
_cBNPHU
041 1 7 _aspa
_beng
082 _axxx
_bxxx
245 0 0 _aCasas historicas de la ciudad primada de america = manor houses of the oldest city in america /
_ctextos José Batlle ; fotografías Víctor Siladi ; traducción Marie Benzo.
246 0 0 _aManor houses of the oldest city in america
250 _aEd. bilingüe
260 _aSanto Domingo :
_bVicini,
_c2014.
300 _a269 p. :
_bretr. ;
_c33 cm.
590 _aInventariado, 2018/ YL
546 _aTextos en Inglés y Español
700 1 2 _aBatlle, José,
_etex.
_973801
700 1 2 _aSiladi, Víctor,
_efot.
_973802
700 1 2 _aBenzo, Marie,
_etr.
_973803
999 _c45229
_d45229